| 000 | 00571nam a2200169 i 4500 | ||
|---|---|---|---|
| 001 | 86049 | ||
| 003 | ES-MaACL | ||
| 005 | 20230906175350.0 | ||
| 007 | t| | ||
| 008 | 041207s1947 xxu ||||1| eng d | ||
| 100 | 1 |
_aKahnweiler, Daniel-Henry. _967430 |
|
| 245 | 1 | 0 |
_aJuan Gris his life and work / _cby Daniel-Henry Kahnweiler ; translated by Douglas Cooper. |
| 260 |
_aNew York : _bCurt Valentin, _c1947 ( _fLund Humphries) |
||
| 300 |
_aXIII, 177 p., 113 lám. : _bil., retr. aut. ; _c29 cm. |
||
| 700 | 1 |
_aCooper, Douglas. _940385 |
|
| 852 |
_aES-MaACL _jD-7042 _bR.30219 |
||
| 999 |
_c86049 _d86049 |
||